000 00329cmm a22001335a 4500
020 _a0072872152
040 _cDLC
082 _a001 SIM 2003 C096 Or.
245 0 0 _aSimnet
260 _a[S.l.] :
_bOsborne/McGraw Hill,
_cc2003.
300 _a1 CD-ROM ;
_c4 3/4 in. +
_e1 guide.
500 _aTitle from disc label.
942 _cAEDBB
999 _c22331
_d22331